| 000 | 00334nam a2200133 a 4500 | ||
|---|---|---|---|
| 001 | 4327 | ||
| 003 | CDMR | ||
| 005 | 20131024172730.0 | ||
| 008 | 130130s2007||||||||||||||||||||||||||||d | ||
| 040 |
_aCDMR _bcat _cCPC GIRONA |
||
| 245 | 0 |
_aDiscursos de Jordi Pujol _b: recull |
|
| 260 |
_c2007 _bCentre d'Estudis Jordi Pujol |
||
| 942 |
_cMON _2udc |
||
| 999 |
_c4327 _d4327 |
||